| Поле | Инд. | ПП | Название | Значение |
|---|---|---|---|---|
| Тип записи | a | |||
| Библиографический уровень | b | |||
| 001 | Контрольный номер | RU/IS/BASE/421854819 | ||
| 005 | Дата корректировки | 20220131115544.1 | ||
| 008 | Кодируемые данные | 20130514 | ||
| 084 | a | Индекс другой классификации/Индекс ББК | 51.1(2Рос); 60.8* | |
| 100 | 1_ | a | Автор | Крашенинникова Ю. А. |
| q | Полное имя | Крашенинникова Юлия Александровна | ||
| 100 | 1_ | a | Автор | Зуева Е. Л. |
| q | Полное имя | Зуева Елена Львовна | ||
| 100 | 1_ | a | Автор | Шуралева Е. В. |
| q | Полное имя | Шуралева Елена Владимировна | ||
| 245 | 10 | a | Заглавие | Опыт и перспективы стимулирования государством развития частных врачебных практик в сельской местности (некоторые итоги пермского эксперимента) |
| 500 | a | Примечание | Аннотация статьи на английском языке: с. 208 | |
| 504 | a | Библиография | Лит. - Примеч. | |
| 520 | 0_ | a | Аннотация | Представлен анализ промежуточных результатов пилотного проекта по развитию частного здравоохранения на уровне первичной медико-санитарной помощи, реализуемого в Пермском крае. На основании сравнения деятельности 12 частных врачебных практик выявлены основные риски выбранной модели и рассмотрены условия, при которых она могла бы оказаться эффективной. |
| 650 | 04 | a | Основная рубрика | здравоохранение |
| a | Основная рубрика | медицина | ||
| a | Основная рубрика | социальное управление | ||
| 653 | 0_ | a | Ключевые слова | государственная политика |
| a | Ключевые слова | государственное управление | ||
| a | Ключевые слова | государственные услуги | ||
| a | Ключевые слова | здоровье населения | ||
| a | Ключевые слова | здоровье нации | ||
| a | Ключевые слова | первичная медико-санитарная помощь | ||
| a | Ключевые слова | Пермский край | ||
| a | Ключевые слова | политика здравоохранения | ||
| a | Ключевые слова | регионы России | ||
| a | Ключевые слова | Россия | ||
| a | Ключевые слова | село | ||
| a | Ключевые слова | управление здравоохранением | ||
| a | Ключевые слова | финансирование здравоохранения | ||
| a | Ключевые слова | частная врачебная практика | ||
| a | Ключевые слова | частная медицинская практика | ||
| a | Ключевые слова | частное здравоохранение | ||
| a | Ключевые слова | эффективность управления | ||
| 773 | 18 | t | Заглавие источника | Вопросы государственного и муниципального управления |
| d | Дата издания источника | 2012 | ||
| g | Прочая информация | № 4. - С. 120 - 135 | ||
| w | Контрольный № источника | RU/IS/BASE/414172742 | ||
| 901 | t | Тип документа | b |